|
|
|
|
| LEADER |
00000nam0a2200000 4500 |
| 001 |
244238 |
| 005 |
20231101232032.0 |
| 010 |
|
|
|a 9785996302819
|
| 035 |
|
|
|a (RuTPU)RU\TPU\book\265620
|
| 035 |
|
|
|a RU\TPU\book\186036
|
| 035 |
|
|
|a RU\TPU\book\215727
|
| 090 |
|
|
|a 244238
|
| 100 |
|
|
|a 20110617d2012 m y0rusy50 ca
|
| 101 |
0 |
|
|a rus
|
| 102 |
|
|
|a RU
|
| 105 |
|
|
|a a j 001zy
|
| 200 |
1 |
|
|a Электромагнетизм. Основные законы
|e учебное пособие
|f И. Е. Иродов
|
| 205 |
|
|
|a 7-е изд.
|
| 210 |
|
|
|a Москва
|c БИНОМ. Лаборатория знаний
|d 2012
|
| 215 |
|
|
|a 320 с.
|c ил.
|
| 225 |
1 |
|
|a Общая физика
|
| 225 |
1 |
|
|a Технический университет
|
| 320 |
|
|
|a Предм. указ.: с. 317-319.
|
| 330 |
|
|
|a Книга содержит теоретический материал (основные идеи электромагнетизма), а также разбор многочисленных примеров и задач. Задачи тесно связаны с основным текстом и часто являются его развитием и дополнением. Материал книги, насколько возможно, освобожден от излишней математизации — основной акцент перенесен на физическую сторону рассматриваемых явлений. Для студентов физических специальностей вузов.
|
| 451 |
|
1 |
|0 (RuTPU)RU\TPU\book\155794
|y 978-5-94774-690-7
|t Электромагнетизм. Основные законы
|o учебное пособие
|f И. Е. Иродов
|e 6-е изд.
|c М.
|n БИНОМ. Лаборатория знаний
|d 2007
|p 320 с.
|s Общая физика
|a Иродов, Игорь Евгеньевич
|
| 606 |
1 |
|
|a Электромагнетизм
|2 stltpush
|3 (RuTPU)RU\TPU\subj\20150
|9 45271
|
| 610 |
1 |
|
|a физика
|
| 610 |
1 |
|
|a электростатическое поле
|
| 610 |
1 |
|
|a вакуум
|
| 610 |
1 |
|
|a проводники
|
| 610 |
1 |
|
|a диэлектрики
|
| 610 |
1 |
|
|a постоянный ток
|
| 610 |
1 |
|
|a магнитное поле
|
| 610 |
1 |
|
|a электромагнитная индукция
|
| 610 |
1 |
|
|a уравнения Максвелла
|
| 610 |
1 |
|
|a энергия
|
| 610 |
1 |
|
|a электрические колебания
|
| 610 |
1 |
|
|a единицы СИ
|
| 610 |
1 |
|
|a теория
|
| 610 |
1 |
|
|a задачи
|
| 610 |
1 |
|
|a учебные пособия
|
| 675 |
|
|
|a 537.812(075.8)
|v 3
|
| 700 |
|
1 |
|a Иродов
|b И. Е.
|g Игорь Евгеньевич
|
| 801 |
|
1 |
|a RU
|b 63413507
|c 20131018
|
| 801 |
|
2 |
|a RU
|b 63413507
|c 20190506
|g RCR
|
| 942 |
|
|
|c BK
|
| 959 |
|
|
|a 135/20131018
|d 50
|e 0
|f ЧЗТЛ:1
|f АНЛ:1
|f УФ:48
|